00390 a2200145 4500003000400000005001700004008004100021020001800062040000900080082001500089100002900104245006500133260003600198300001000234OSt20231106144136.0231106b |||||||| |||| 00| 0 eng d a9788192686110 coclc a297bKOD/T aKoduvally, Fazlur Rahman aThouba Pramanangalude Velichathil /cFazlur Rahman Koduvally aKerala:bVachanam books,c2015. a136 p